Vybrané kapitoly z ekonomické statistiky

Guardado en:
Detalles Bibliográficos
Formato: Libro
Lenguaje:checo
Publicado: Praha VŠE 1991
Edición:1. vyd.
Materias:
Etiquetas: Agregar Etiqueta
Sin Etiquetas, Sea el primero en etiquetar este registro!

MARC

LEADER 00000nam a2200000 4500
001 c002288
005 20221214095222.1
020 |a 80-7079-170-5 
041 0 |a cze 
044 |a CZ 
245 1 0 |a Vybrané kapitoly z ekonomické statistiky 
250 |a 1. vyd. 
264 1 |a Praha  |b VŠE  |c 1991 
300 |a 220 s. 
610 2 0 |a štatistika ekonomická 
610 2 0 |a indexy 
610 2 0 |a indexy cenové 
610 2 0 |a ukazovatele ekonomické 
610 2 0 |a ukazovatele hodnotové 
610 2 0 |a ukazovatele produkcie 
610 2 0 |a štatistika spotreby 
610 2 0 |a metódy štatistické 
610 2 0 |a ISIC 
610 2 0 |a zisťovanie štatistické 
610 2 0 |a analýza štatistická 
610 2 0 |a analýza regresná 
610 2 0 |a koeficient pružnosti